[Event "WchT Seniors 65"]
[Site "Radebeul"]
[Date "2016.07.04"]
[Round "9.18"]
[White "Seibt, Manfred"]
[Black "Mentink, Toon"]
[Result "1/2-1/2"]
[WhiteElo "1987"]
[BlackElo "1853"]
[PlyCount "28"]
[EventDate "2016.06.26"]
[EventType "team-swiss"]
[EventRounds "9"]
[EventCountry "GER"]
[SourceTitle "CBM 173 Extra"]
[Source "ChessBase"]
[SourceDate "2016.08.29"]
[SourceVersion "1"]
[SourceVersionDate "2016.08.29"]
[SourceQuality "1"]
[WhiteTeam "Dresden TuR"]
[BlackTeam "Oranje III"]
[WhiteTeamCountry "GER"]
[BlackTeamCountry "NED"]

1. d4 d5 2. c4 e5 3. dxe5 d4 4. Nf3 Nc6 5. e4 Bg4 6. a3 Qd7 7. Qd3 0-0-0 8. Nbd2 f5 9. exf6 gxf6 10. Be2 h5 11. b4 Bh6 12. b5 Ne5 13. Nxe5 Bxd2+ 14. Kxd2 fxe5 1/2-1/2

[Event "WchT Seniors 65"]
[Site "Radebeul"]
[Date "2016.06.26"]
[Round "1.4"]
[White "Seibt, Manfred"]
[Black "Beltz, Robert"]
[Result "0-1"]
[WhiteElo "1987"]
[BlackElo "2121"]
[PlyCount "94"]
[EventDate "2016.06.26"]
[EventType "team-swiss"]
[EventRounds "9"]
[EventCountry "GER"]
[SourceTitle "CBM 173 Extra"]
[Source "ChessBase"]
[SourceDate "2016.08.29"]
[SourceVersion "1"]
[SourceVersionDate "2016.08.29"]
[SourceQuality "1"]
[WhiteTeam "Dresden TuR"]
[BlackTeam "Leipzig Schachfreunde"]
[WhiteTeamCountry "GER"]
[BlackTeamCountry "GER"]

1. d4 d5 2. c4 Nc6 3. e3 Nf6 4. Nf3 Bg4 5. cxd5 Qxd5 6. Be2 e5 7. 0-0 exd4 8. exd4 0-0-0 9. Nc3 Qd7 10. Be3 Bb4 11. Qb3 Be6 12. Qa4 Nd5 13. Rac1 Nb6 14. Qc2 f6 15. a3 Bxc3 16. bxc3 Nc4 17. Nd2 N6a5 18. a4 Rhe8 19. Bf3 Bd5 20. Bxd5 Qxd5 21. Nxc4 Nxc4 22. Rfe1 Re4 23. Bd2 Rde8 24. Rxe4 Qxe4 25. Qxe4 Rxe4 26. Be1 Nb2 27. f3 Re6 28. d5 Re5 29. Rb1 Nd3 30. Bf2 Rxd5 31. Rd1 a6 32. Bg3 f5 33. c4 Rd7 34. Rb1 f4 35. Bh4 h6 36. Be1 Nxe1 37. Rxe1 Rd4 38. Re7 g5 39. Rh7 Rxc4 40. Rxh6 Rxa4 41. Rh5 Ra5 42. h4 Ra1+ 43. Kh2 gxh4 44. Rxh4 Ra4 45. Kh3 b5 46. Kg4 Rc4 47. Rh8+ Kb7 0-1

[Event "EU-chT Seniors 15th"]
[Site "Dresden"]
[Date "2013.07.28"]
[Round "9"]
[White "Fitzke, Ulrich"]
[Black "Seibt, Manfred"]
[Result "1/2-1/2"]
[WhiteElo "2003"]
[BlackElo "2011"]
[PlyCount "71"]
[EventDate "2013.07.20"]
[EventType "team-swiss"]
[EventRounds "9"]
[EventCountry "GER"]
[SourceTitle "CBM 155 Extra"]
[Source "ChessBase"]
[SourceDate "2013.08.26"]
[SourceVersion "1"]
[SourceVersionDate "2013.08.26"]
[SourceQuality "1"]
[WhiteTeam "BSW/DBAG III"]
[BlackTeam "Dresden SV TUR"]
[WhiteTeamCountry "GER"]
[BlackTeamCountry "GER"]

1. d4 Nf6 2. c4 g6 3. Nc3 Bg7 4. Nf3 d6 5. e3 0-0 6. Bd3 Nbd7 7. 0-0 c6 8. b3 e5 9. Ba3 c5 10. Qc2 Re8 11. Rad1 a6 12. Rd2 Qe7 13. dxe5 dxe5 14. e4 b6 15. Re1 Bb7 16. Rde2 Qf8 17. Bb2 Qd6 18. h3 Nh5 19. Bc1 Rad8 20. Bg5 Rc8 21. Nd2 h6 22. Be3 Rcd8 23. Nf1 Nf4 24. Rd2 Qc6 25. Ng3 Ne6 26. Nd5 Nd4 27. Qd1 Nf6 28. Ne2 Nxd5 29. cxd5 Qd7 30. Bxd4 cxd4 31. f3 f5 32. Ng3 Qd6 33. Nf1 Re7 34. Rde2 Ree8 35. Nd2 Qc5 36. Kh1 1/2-1/2

[Event "EU-chT Seniors 15th"]
[Site "Dresden"]
[Date "2013.07.21"]
[Round "2"]
[White "Warnke, Eberhard"]
[Black "Seibt, Manfred"]
[Result "1/2-1/2"]
[WhiteElo "1848"]
[BlackElo "2011"]
[PlyCount "57"]
[EventDate "2013.07.20"]
[EventType "team-swiss"]
[EventRounds "9"]
[EventCountry "GER"]
[SourceTitle "CBM 155 Extra"]
[Source "ChessBase"]
[SourceDate "2013.08.26"]
[SourceVersion "1"]
[SourceVersionDate "2013.08.26"]
[SourceQuality "1"]
[WhiteTeam "BSW/DBAG IV"]
[BlackTeam "Dresden SV TUR"]
[WhiteTeamCountry "GER"]
[BlackTeamCountry "GER"]

1. Nf3 Nf6 2. d4 g6 3. e3 Bg7 4. Bd3 0-0 5. 0-0 d6 6. h3 Nbd7 7. c3 c5 8. Nbd2 Rb8 9. a4 b6 10. Re1 e5 11. dxe5 dxe5 12. Qc2 Qe7 13. e4 Bb7 14. Nc4 a6 15. Na3 Bc6 16. Bg5 b5 17. axb5 axb5 18. c4 b4 19. Nb5 Bxb5 20. cxb5 Ra8 21. Ra6 Rxa6 22. bxa6 Ra8 23. Ra1 Ra7 24. Be3 Bf8 25. Bb5 Nb8 26. Qc4 Kg7 27. Nd2 Qc7 28. Nb3 Nbd7 29. Rc1 1/2-1/2

[Event "Sachsen-ch Seniors op 17th"]
[Site "Dresden"]
[Date "2009.02.14"]
[Round "6"]
[White "Roos, Hans Goerg"]
[Black "Seibt, Manfred"]
[Result "1/2-1/2"]
[WhiteElo "1798"]
[BlackElo "1843"]
[PlyCount "92"]
[EventDate "2009.02.09"]
[EventType "swiss"]
[EventRounds "9"]
[EventCountry "GER"]
[SourceTitle "EXT 2022"]
[Source "ChessBase"]
[SourceDate "2021.10.06"]
[SourceVersion "1"]
[SourceVersionDate "2021.10.06"]
[SourceQuality "1"]

1. Nf3 Nf6 2. g3 g6 3. Bg2 Bg7 4. d3 0-0 5. 0-0 d6 6. e4 e5 7. a4 Nc6 8. c3 Rb8 9. b4 h6 10. b5 Ne7 11. c4 c5 12. bxc6 bxc6 13. Be3 Qc7 14. h3 c5 15. Qd2 Kh7 16. Nc3 a6 17. a5 Bd7 18. Nh4 Rb3 19. f4 Nfg8 20. f5 gxf5 21. Nxf5 Bc6 22. Nxg7 Kxg7 23. g4 Ng6 24. Rf5 Rfb8 25. Ra2 Qb7 26. Rf2 Qb4 27. Nd5 Qxd2 28. Rfxd2 Bxd5 29. exd5 Rb1+ 30. Kf2 Nh4 31. Be4 Nf6 32. Bg2 Nxg2 33. Kxg2 Kg6 34. Rf2 Ng8 35. h4 Rd1 36. Rfd2 Rxd2+ 37. Rxd2 Nf6 38. Kg3 h5 39. gxh5+ Nxh5+ 40. Kf3 f6 41. Rg2+ Kf7 42. Bc1 Rb1 43. Be3 Rf1+ 44. Kg4 Kg6 45. Kh3+ Kf7 46. Kg4 Kg6 1/2-1/2

[Event "Sachsen-ch Seniors op 17th"]
[Site "Dresden"]
[Date "2009.02.13"]
[Round "5"]
[White "Bussler, Juergen"]
[Black "Seibt, Manfred"]
[Result "1/2-1/2"]
[WhiteElo "1839"]
[BlackElo "1843"]
[PlyCount "36"]
[EventDate "2009.02.09"]
[EventType "swiss"]
[EventRounds "9"]
[EventCountry "GER"]
[SourceTitle "EXT 2022"]
[Source "ChessBase"]
[SourceDate "2021.10.06"]
[SourceVersion "1"]
[SourceVersionDate "2021.10.06"]
[SourceQuality "1"]

1. e4 e5 2. Nf3 Nc6 3. Nc3 Nf6 4. d4 exd4 5. Nxd4 Nxd4 6. Qxd4 d6 7. Bc4 Be7 8. 0-0 0-0 9. Bg5 b6 10. Rfe1 Bb7 11. Rad1 h6 12. Bh4 Rc8 13. Qe3 Nd7 14. Bxe7 Qxe7 15. Qg3 Qe5 16. Qxe5 Nxe5 17. Bd5 Bxd5 18. Nxd5 Rfe8 1/2-1/2

[Event "EU-chT Seniors 10th"]
[Site "Dresden"]
[Date "2008.02.16"]
[Round "6.4"]
[White "Krueger, Gerhard"]
[Black "Seibt, Manfred"]
[Result "0-1"]
[WhiteElo "1978"]
[BlackElo "1975"]
[PlyCount "90"]
[EventDate "2008.02.11"]
[EventType "team-swiss"]
[EventRounds "9"]
[EventCountry "GER"]
[SourceTitle "CBM 122 Extra"]
[Source "ChessBase"]
[SourceDate "2008.03.04"]
[SourceVersion "1"]
[SourceVersionDate "2008.03.04"]
[SourceQuality "1"]
[WhiteTeam "Mecklenburg Vorpommern"]
[BlackTeam "Sachsen II"]
[WhiteTeamCountry "GER"]
[BlackTeamCountry "GER"]

1. e4 e5 2. Nf3 Nc6 3. d4 exd4 4. Bc4 Nf6 5. e5 d5 6. Bb5 Ne4 7. Nxd4 Bd7 8. Bxc6 bxc6 9. 0-0 Be7 10. Be3 0-0 11. f4 c5 12. Nf3 d4 13. Bc1 Bc6 14. Qd3 Qd7 15. Re1 c4 16. Qxc4 Bb5 17. Qb3 Nc5 18. e6 Nxb3 19. exd7 Nxa1 20. Rxe7 Nxc2 21. b3 Rad8 22. Ne5 f6 23. a4 fxe5 24. axb5 exf4 25. Na3 Nb4 26. Nc4 Nd5 27. Re4 Rxd7 28. Ne5 Re8 29. Nxd7 Rxe4 30. Kf2 Re8 31. Kf3 Kf7 32. Nc5 g5 33. Ne4 Kg6 34. Nf2 Kf5 35. h3 h5 36. g4+ hxg4+ 37. hxg4+ Kg6 38. Ne4 Nc3 39. Nc5 Nxb5 40. Nd3 Nc3 41. Nb4 Rh8 42. Nc6 Rh3+ 43. Kg2 Rg3+ 44. Kf1 d3 45. Ne7+ Kh7 0-1

[Event "EU-chT Seniors 10th"]
[Site "Dresden"]
[Date "2008.02.14"]
[Round "4.4"]
[White "Seibt, Manfred"]
[Black "Van Bellen, Hendrik"]
[Result "1/2-1/2"]
[WhiteElo "1975"]
[BlackElo "1888"]
[PlyCount "71"]
[EventDate "2008.02.11"]
[EventType "team-swiss"]
[EventRounds "9"]
[EventCountry "GER"]
[SourceTitle "CBM 122 Extra"]
[Source "ChessBase"]
[SourceDate "2008.03.04"]
[SourceVersion "1"]
[SourceVersionDate "2008.03.04"]
[SourceQuality "1"]
[WhiteTeam "Sachsen II"]
[BlackTeam "DD Oranjeteam II"]
[WhiteTeamCountry "GER"]
[BlackTeamCountry "NED"]

1. d4 f5 2. Nf3 e6 3. g3 b6 4. Bg2 Bb7 5. 0-0 Nf6 6. c4 Be7 7. Nc3 0-0 8. a3 Ne4 9. Qb3 Nxc3 10. Qxc3 Bf6 11. Qd2 d6 12. e3 Qe8 13. Rb1 Nd7 14. b4 Rd8 15. Bb2 Qh5 16. Ne1 Bxg2 17. Nxg2 e5 18. f4 e4 19. d5 Bxb2 20. Rxb2 Nf6 21. Ne1 Ng4 22. Nc2 Rf6 23. Nd4 Re8 24. Re1 Qf7 25. h3 Nh6 26. Qe2 Qg6 27. Kf2 Nf7 28. Kg2 h5 29. Nb5 Re7 30. Nxa7 h4 31. g4 fxg4 32. hxg4 Ne5 33. Nc6 Ref7 34. Kh3 Nf3 35. Rd1 Ng5+ 36. Kh2 1/2-1/2

[Event "EU-chT Seniors 10th"]
[Site "Dresden"]
[Date "2008.02.12"]
[Round "2.4"]
[White "Seibt, Manfred"]
[Black "Bjorgvik, Jan Arne"]
[Result "1/2-1/2"]
[WhiteElo "1975"]
[BlackElo "2021"]
[PlyCount "98"]
[EventDate "2008.02.11"]
[EventType "team-swiss"]
[EventRounds "9"]
[EventCountry "GER"]
[SourceTitle "CBM 122 Extra"]
[Source "ChessBase"]
[SourceDate "2008.03.04"]
[SourceVersion "1"]
[SourceVersionDate "2008.03.04"]
[SourceQuality "1"]
[WhiteTeam "Sachsen II"]
[BlackTeam "Norway II"]
[WhiteTeamCountry "GER"]
[BlackTeamCountry "NOR"]

1. d4 d5 2. c4 e6 3. Nc3 Nf6 4. Bg5 Be7 5. e3 c6 6. Nf3 dxc4 7. Bxc4 Nd5 8. Bxe7 Qxe7 9. 0-0 Nxc3 10. bxc3 0-0 11. Qc2 Nd7 12. Bd3 g6 13. e4 b6 14. c4 Bb7 15. Rfe1 e5 16. d5 Rfc8 17. Qd2 Kg7 18. Rad1 c5 19. Qb2 Qd6 20. Rf1 f6 21. Nd2 Rf8 22. Nb1 Rfb8 23. Nc3 a6 24. Qe2 Bc8 25. a4 Ra7 26. Rb1 Rab7 27. g3 Nf8 28. f4 h5 29. f5 Nh7 30. h4 Bd7 31. g4 hxg4 32. Qxg4 g5 33. Kf2 Rg8 34. Rg1 Kf8 35. Qh5 Rg7 36. Qh6 Kg8 37. Rg2 a5 38. Rbg1 Qf8 39. Be2 Be8 40. Bh5 Bxh5 41. Qxh5 gxh4 42. Rxg7+ Rxg7 43. Rxg7+ Qxg7 44. Qxh4 Nf8 45. Qg3 Qxg3+ 46. Kxg3 Kg7 47. Kg4 Nd7 48. Kh5 Kh7 49. Nb5 Kg7 1/2-1/2

[Event "EU-chT Seniors 09th"]
[Site "Dresden"]
[Date "2007.02.24"]
[Round "9"]
[White "Seibt, Manfred"]
[Black "Schenk, Dieter"]
[Result "1-0"]
[WhiteElo "1936"]
[BlackElo "2008"]
[PlyCount "51"]
[EventDate "2007.02.16"]
[EventType "team-swiss"]
[EventRounds "9"]
[EventCountry "GER"]
[SourceTitle "CBM 117 Extra"]
[Source "ChessBase"]
[SourceDate "2007.05.09"]
[SourceVersion "1"]
[SourceVersionDate "2007.05.09"]
[SourceQuality "1"]

1. d4 d5 2. Nf3 c6 3. c3 Bf5 4. Bf4 e6 5. e3 Bd6 6. Bxd6 Qxd6 7. Be2 Nd7 8. Nbd2 Ngf6 9. 0-0 0-0 10. Nh4 Bg6 11. Nxg6 hxg6 12. f4 c5 13. Qe1 Qb6 14. Rb1 Ne4 15. Nf3 Qd8 16. Ne5 Nxe5 17. fxe5 Qg5 18. Bf3 b6 19. Bxe4 dxe4 20. Rf4 cxd4 21. cxd4 Rac8 22. Rc1 f5 23. exf6 Rxc1 24. Qxc1 Qd5 25. f7+ Kh7 26. Rh4+ 1-0

[Event "EU-chT Seniors 09th"]
[Site "Dresden"]
[Date "2007.02.21"]
[Round "6"]
[White "Seibt, Manfred"]
[Black "Kahn, Peter"]
[Result "1/2-1/2"]
[WhiteElo "1936"]
[BlackElo "2146"]
[PlyCount "46"]
[EventDate "2007.02.16"]
[EventType "team-swiss"]
[EventRounds "9"]
[EventCountry "GER"]
[SourceTitle "CBM 117 Extra"]
[Source "ChessBase"]
[SourceDate "2007.05.09"]
[SourceVersion "1"]
[SourceVersionDate "2007.05.09"]
[SourceQuality "1"]

1. d4 d5 2. c4 e6 3. Nc3 Nf6 4. Bg5 Nbd7 5. e3 c6 6. Nf3 Qa5 7. Bxf6 Nxf6 8. Nd2 Bb4 9. Qc2 Ne4 10. Ndxe4 dxe4 11. Be2 0-0 12. 0-0 Bxc3 13. Qxc3 Qxc3 14. bxc3 e5 15. Rab1 b6 16. f3 Bf5 17. Rbd1 Rfe8 18. f4 exf4 19. Rxf4 Bg6 20. Bg4 Rad8 21. Bf5 f6 22. Bxg6 hxg6 23. Rb1 Re6 1/2-1/2

[Event "EU-chT Seniors 09th"]
[Site "Dresden"]
[Date "2007.02.20"]
[Round "5"]
[White "Duemmke, Juergen"]
[Black "Seibt, Manfred"]
[Result "0-1"]
[WhiteElo "2080"]
[BlackElo "1936"]
[PlyCount "86"]
[EventDate "2007.02.16"]
[EventType "team-swiss"]
[EventRounds "9"]
[EventCountry "GER"]
[SourceTitle "CBM 117 Extra"]
[Source "ChessBase"]
[SourceDate "2007.05.09"]
[SourceVersion "1"]
[SourceVersionDate "2007.05.09"]
[SourceQuality "1"]

1. e4 e5 2. Nf3 Nc6 3. d4 exd4 4. Bc4 Nf6 5. Ng5 Ne5 6. Bb3 h6 7. f4 hxg5 8. fxe5 Nxe4 9. Qxd4 Nc5 10. 0-0 Nxb3 11. axb3 d5 12. Nc3 Be6 13. Rxa7 Rxa7 14. Qxa7 Bc8 15. Qa5 Be6 16. Qb5+ c6 17. Qxb7 Bc5+ 18. Kh1 Bd7 19. b4 Be7 20. b5 d4 21. bxc6 Bc8 22. Qb3 Be6 23. Qb5 Qc7 24. Ne4 f6 25. Nd6+ Bxd6 26. exd6 Qxd6 27. Bf4 gxf4 28. c7+ Kf7 29. Qb7 Rc8 30. Qe4 Qe5 31. Qf3 Rxc7 32. Qd1 g6 33. Re1 Qd5 34. Rf1 Bf5 35. Rf2 Be4 36. h3 Rb7 37. b3 d3 38. c4 Qe5 39. Qc1 g5 40. c5 Ra7 41. Rf1 f3 42. g3 Qxg3 43. Qc4+ Kg7 0-1

[Event "GER-ch Seniors 18th"]
[Site "Dresden"]
[Date "2006.07.29"]
[Round "8"]
[White "Seibt, Manfred"]
[Black "Herzel, Alois"]
[Result "0-1"]
[WhiteElo "1740"]
[BlackElo "1691"]
[PlyCount "120"]
[EventDate "2006.07.22"]
[EventType "swiss"]
[EventRounds "9"]
[EventCountry "GER"]
[SourceTitle "EXT 2022"]
[Source "ChessBase"]
[SourceDate "2021.10.06"]
[SourceVersion "1"]
[SourceVersionDate "2021.10.06"]
[SourceQuality "1"]

1. d4 d5 2. c4 dxc4 3. Nf3 Nf6 4. e3 e6 5. Bxc4 a6 6. 0-0 Be7 7. Qe2 0-0 8. Rd1 b5 9. Bd3 Bb7 10. a3 Nbd7 11. Nc3 c5 12. dxc5 Bxc5 13. b4 Be7 14. Bb2 Qb6 15. e4 Rac8 16. Rd2 Rfd8 17. Rad1 h6 18. Bb1 Qc7 19. e5 Nd5 20. Qd3 Nf8 21. Nxd5 Rxd5 22. Qe2 Rxd2 23. Nxd2 Rd8 24. Nf3 Rxd1+ 25. Qxd1 Qd7 26. Qxd7 Nxd7 27. Nd2 Bd5 28. f3 Bg5 29. Ne4 Be3+ 30. Kh1 Nb6 31. Nc3 Nc4 32. Nd1 Bd2 33. Be4 Nxb2 34. Nxb2 Bxe4 35. fxe4 Bc1 36. Nd3 Bxa3 37. Kg1 Kf8 38. Kf1 Ke7 39. Ke2 Kd8 40. Kd2 Kc7 41. Kc3 a5 42. bxa5 Be7 43. Nc1 Kb7 44. Nb3 Ka6 45. Nd4 Bd8 46. Nc6 Bxa5+ 47. Kb3 Bc7 48. h3 Kb6 49. Nb4 Bxe5 50. Nd3 Bd6 51. g4 f6 52. h4 g6 53. h5 gxh5 54. gxh5 f5 55. e5 Bf8 56. Kc3 Kc6 57. Kd4 Ba3 58. Nf4 Bb2+ 59. Kd3 Bxe5 60. Nxe6 Kd5 0-1

[Event "GER-ch Seniors 18th"]
[Site "Dresden"]
[Date "2006.07.28"]
[Round "7"]
[White "Spurga, Josef"]
[Black "Seibt, Manfred"]
[Result "1/2-1/2"]
[WhiteElo "1785"]
[BlackElo "1740"]
[PlyCount "133"]
[EventDate "2006.07.22"]
[EventType "swiss"]
[EventRounds "9"]
[EventCountry "GER"]
[SourceTitle "EXT 2022"]
[Source "ChessBase"]
[SourceDate "2021.10.06"]
[SourceVersion "1"]
[SourceVersionDate "2021.10.06"]
[SourceQuality "1"]

1. e4 e5 2. Nf3 Nc6 3. Bb5 a6 4. Ba4 Nf6 5. 0-0 Be7 6. Re1 b5 7. Bb3 d6 8. c3 0-0 9. h3 Na5 10. Bc2 c5 11. d4 Qc7 12. Nbd2 Bd7 13. Nf1 cxd4 14. cxd4 Nc6 15. Bg5 h6 16. Bh4 Rfc8 17. d5 Na5 18. Bd3 Qd8 19. Bg3 Nc4 20. Qe2 Nb6 21. N3d2 g5 22. Ne3 Kg7 23. Ndf1 Rc5 24. Bh2 Rac8 25. Ng3 Nc4 26. Nef5+ Kh7 27. Rad1 Qf8 28. Kh1 Ne8 29. Bg1 R5c7 30. f3 Rb7 31. b3 Nb6 32. Be3 f6 33. h4 Ng7 34. Nxg7 Qxg7 35. hxg5 hxg5 36. Kg1 Kg6 37. Kf2 Na8 38. Rh1 Rbb8 39. f4 Rh8 40. Nf5 Bxf5 41. exf5+ Kf7 42. fxg5 fxg5 43. g4 Rh7 44. Qf3 Rxh1 45. Rxh1 Rh8 46. Rxh8 Qxh8 47. Kg2 Nc7 48. Be4 b4 49. Qh3 Qxh3+ 50. Kxh3 Kf6 51. Bb6 Nb5 52. Ba5 Nc3 53. Bg2 Nxa2 54. Kg3 Nc1 55. Bxb4 Nxb3 56. Kf2 a5 57. Ba3 Nd4 58. Be4 Nb5 59. Bb2 Bd8 60. Bd3 Bb6+ 61. Ke1 Nc7 62. Bc4 Bc5 63. Kd2 a4 64. Bc3 Ke7 65. Kc2 Ne8 66. Bd2 Kf6 67. Bb5 1/2-1/2